| 000 | 00376nam a22001097a 4500 | ||
|---|---|---|---|
| 082 | _a363.96 (PRO) ACC'B | ||
| 100 |
_aBAUTISTA, PAULINA F _979370 |
||
| 245 | _aACCELERATUING FAMILY PLANNING PROBLEMS AND APPROACHES PROCEEDINGS OF THE INTERNATIONAL PLANNED REGINAL CONFERENCE 21-27 MARCH 1971 | ||
| 260 |
_aQUEZON CITY _bMASS COMMUNICATION _c1971 |
||
| 300 | _a425P | ||
| 942 | _cBK | ||
| 999 |
_c584414 _d584414 |
||